Manual de Consultas Tributarias. Declaraciones Juradas 2024.
Saved in:
| Main Author: | |
|---|---|
| Format: | Book |
| Published: |
Santiago, Chile:
Thomson Reuters,
2024.
|
| Subjects: | |
| Tags: |
Add Tag
No Tags, Be the first to tag this record!
|
MARC
| LEADER | 00000nam a22000007a 4500 | ||
|---|---|---|---|
| 003 | CL-VaPUC | ||
| 005 | 20250327091530.0 | ||
| 008 | 240319t2024 ||||| |||| 00| 0 eng d | ||
| 999 | |c 443277 |d 443275 | ||
| 020 | |a 978-956-400-461-7 | ||
| 040 | |c Pontificia Universidad Católica de Valparaíso | ||
| 082 | 7 | |a 336.24 MAN 2024 |2 22 | |
| 100 | |a Urrutia Muñoz, Heriberto |9 867794 |e editor de contenido | ||
| 245 | |a Manual de Consultas Tributarias. |b Declaraciones Juradas 2024. | ||
| 260 | |a Santiago, Chile: |b Thomson Reuters, |c 2024. | ||
| 300 | |a 1082 páginas. | ||
| 490 | |n Año XLVI -Nº553 / Enero 2024 | ||
| 500 | |a c.2 Donación por prueba de Base de Datos Checkpoint. 20-3-2024 | ||
| 505 | |a Instrucciones detalladas para la confección de las declaraciones juradas A.T. 2024. | ||
| 583 | |k GC |c 20240319 | ||
| 610 | 0 | |a Servicio de Impuestos Internos |9 869089 |z Chile | |
| 650 | 0 | |a Declaración de renta |9 814266 |z Chile | |
| 650 | 0 | |a Tributación |9 258429 |z Chile | |
| 942 | |2 ddc |c BK | ||
| 952 | |0 0 |1 0 |2 ddc |4 0 |6 336_240000000000000_MAN_2024 |7 0 |8 A |9 593763 |a BIBDER |b BIBDER |d 2024-03-20 |e 31 |g 0.00 |i 5660417 |o 336.24 MAN 2024 |p 5660417 |r 2024-03-20 |t 1 |v 0.00 |w 2024-03-20 |y BK |k DER | ||
| 952 | |0 0 |1 0 |2 ddc |4 0 |6 336_240000000000000_MAN_2024 |7 0 |8 A |9 593780 |a BIBGIM |b BIBGIM |d 2024-03-21 |e Donación |i 5660451 |l 1 |o 336.24 MAN 2024 |p 5660451 |r 2025-01-15 |s 2024-05-08 |t 2 |w 2024-03-21 |y BK |k COM | ||